Manual de historia argentina /

Guardado en:
Autor Principal: López, Vicente Fidel
Formato: Libro
Publicado: Buenos Aires : Obras de historia naciónal, 0
Materias:
Etiquetas: Agregar Etiqueta
Sin Etiquetas, Sea el primero en etiquetar este registro!
LEADER 00603nam a22001815a 4500
001 CEM.cems004026
005 20060216000000.0
008 130507b######################000#0#####d
003 CEMS
082 0 4 |a 982.002 
100 1 |a López, Vicente Fidel 
245 1 0 |a Manual de historia argentina / 
260 |a Buenos Aires :  |b Obras de historia naciónal, 0 
300 |a 541 p. 
653 |a Historia 
859 |a CEMS  |b BIB. CEMS - 11 de abril  |h 982.002  |i L881  |p 9060.81  |t Ej.3 
859 |a CEMS  |b BIB. CEMS - 11 de abril  |h 982.002  |i L881  |p 9061.81  |t Ej.1 
859 |a CEMS  |b BIB. CEMS - 11 de abril  |h 982.002  |i L881  |p 9062.81  |t Ej.2